000 00400nam a2200169 4500
020 _a9789359622996
082 _aM3
_bLAJ/R
100 _aLajo Jose
245 _aRest in peace/
_cby Lajo Jose
250 _a14th ed.
260 _aKozhikode:
_bMathrubhumi books,
_c2025.
300 _a182p.
650 _aNovel Malayalam
650 _aLiterature Malayalam
650 _aLiterature
942 _cBK
999 _c181985
_d181985